<?xml version="1.0" encoding="UTF-8"?><?xml-stylesheet type="text/xsl" href="static/style.xsl"?><OAI-PMH xmlns="http://www.openarchives.org/OAI/2.0/" xmlns:xsi="http://www.w3.org/2001/XMLSchema-instance" xsi:schemaLocation="http://www.openarchives.org/OAI/2.0/ http://www.openarchives.org/OAI/2.0/OAI-PMH.xsd"><responseDate>2026-04-17T03:19:06Z</responseDate><request verb="GetRecord" identifier="oai:www.recercat.cat:2445/12419" metadataPrefix="marc">https://recercat.cat/oai/request</request><GetRecord><record><header><identifier>oai:recercat.cat:2445/12419</identifier><datestamp>2025-12-05T16:46:29Z</datestamp><setSpec>com_2072_1057</setSpec><setSpec>col_2072_478823</setSpec><setSpec>col_2072_478917</setSpec></header><metadata><record xmlns="http://www.loc.gov/MARC21/slim" xmlns:dcterms="http://purl.org/dc/terms/" xmlns:xsi="http://www.w3.org/2001/XMLSchema-instance" xmlns:doc="http://www.lyncode.com/xoai" xsi:schemaLocation="http://www.loc.gov/MARC21/slim http://www.loc.gov/standards/marcxml/schema/MARC21slim.xsd">
   <leader>00925njm 22002777a 4500</leader>
   <datafield ind2=" " ind1=" " tag="042">
      <subfield code="a">dc</subfield>
   </datafield>
   <datafield ind2=" " ind1=" " tag="720">
      <subfield code="a">Pineda, Antonio (Pineda Ruiz)</subfield>
      <subfield code="e">author</subfield>
   </datafield>
   <datafield ind2=" " ind1=" " tag="720">
      <subfield code="a">Soto Riera, Joan</subfield>
      <subfield code="e">author</subfield>
   </datafield>
   <datafield ind2=" " ind1=" " tag="260">
      <subfield code="c">2010-05-06T10:47:17Z</subfield>
   </datafield>
   <datafield ind2=" " ind1=" " tag="260">
      <subfield code="c">2010-05-06T10:47:17Z</subfield>
   </datafield>
   <datafield ind2=" " ind1=" " tag="260">
      <subfield code="c">1996</subfield>
   </datafield>
   <datafield ind2=" " ind1=" " tag="520">
      <subfield code="a">We analyse the possible existence of non-perturbative contributions in heavy $\bar Q Q$ systems ($\bar Q$ and $Q$ need not have the same flavour) which cannot be expressed in terms of local condensates. Starting from QCD, with well defined approximations and splitting properly the fields into large and small momentum components, we derive an effective lagrangian where hard gluons (in the non-relativistic aproximation) have been integrated out. The large momentum contributions (which are dominant) are calculated using Coulomb type states. Besides the usual condensate corrections, we see the possibility of new non-perturbative contributions. We parametrize them in terms of two low momentum correlators with Coulomb bound state energy insertions $E_n$. We realize that the Heavy Quark Effective lagrangian can be used in these correlators. We calculate the corrections that they give rise to in the decay constant, the bound state energy and the matrix elements of bilinear currents at zero recoil. We study the cut-off dependence of the new contributions and we see that it matches perfectly with that of the large momentum contributions. We consider two situations in detail: i) $E_n>> \Lambda_{QCD}$ ($M_Q \rightarrow \infty$) and ii) $E_n &lt;&lt; \Lambda_{QCD}$, and briefly discuss the expected size of the new contributions in $\Upsilon$ , $J/\Psi$ and $B_{c}^{\ast}$ systems.</subfield>
   </datafield>
   <datafield tag="653" ind2=" " ind1=" ">
      <subfield code="a">Pertorbació (Dinàmica quàntica)</subfield>
   </datafield>
   <datafield tag="653" ind2=" " ind1=" ">
      <subfield code="a">Quarks</subfield>
   </datafield>
   <datafield tag="653" ind2=" " ind1=" ">
      <subfield code="a">Perturbation (Quantum dynamics)</subfield>
   </datafield>
   <datafield tag="653" ind2=" " ind1=" ">
      <subfield code="a">Quarks</subfield>
   </datafield>
   <datafield ind2="0" ind1="0" tag="245">
      <subfield code="a">Heavy quarkonium and nonperturbative corrections</subfield>
   </datafield>
</record></metadata></record></GetRecord></OAI-PMH>